000 00599nam a22002417a 4500
003 UA-OsUOA
001 21026
007 ta
008 20031111b un ||||| |||| 00| 0 ukr d
100 _aГорелов И. Е.
090 _a94(329.15)
_bГ68
942 _cBK
040 _aUA-OsUOA
_brus
_cUA-OsUOA
_dUA-OsUOA
245 _aБольшевики в период реакции(1907-1910 гг.)
300 _a216 с.
955 _a0
041 _arus
080 _a94(329.15)
260 _aМосква
_bВищая школа
_c1975
044 _aRU
650 7 _2UDC
999 _c307218
_d307218